000 00319nam a2200097Ia 4500
082 _a305.42096|ROHR
245 0 _aIn search of equality : women, law and society in Africa
100 _a Röhrs, Stefanie, , 1977- Cape Town, South Africa, c.2014
_935909
942 _cBK
008 210817s9999 xx 000 0 und d
999 _c156153
_d156152